| 000 | 01019cab a22002655a 4500 | ||
|---|---|---|---|
| 001 | L160005 | ||
| 008 | 150113e2016 xxk 000 0 eng d | ||
| 035 | _a(Sirsi) u160005 | ||
| 041 | 0 | _aeng | |
| 050 | _a346.420434 | ||
| 100 | 1 | _aHumphreys, Emma | |
| 245 | 0 | 0 |
_aTenants spring into action _h[electronic resource] |
| 260 |
_aLondon _bRICS _c2016 |
||
| 490 |
_aRICS Building Surveying Journal _vJuly 2016 - August 2016, 20(1) |
||
| 520 | _aProvides an overview of recent dilapidations rulings. | ||
| 650 | 2 | 4 | _aSTERNBAUM V DHESI |
| 650 | 2 | 4 | _aHANNON V HILLINGDON HOMES LTD |
| 650 | 2 | 4 | _aMANSING MOORJANI V DURBAN ESTATES LTD |
| 650 | 2 | 4 | _aFAIRBAIRN V ETAL COURT MAINTENANCE LTD |
| 651 | 4 | _aENGLAND AND WALES | |
| 690 |
_aDilapidations _96235 |
||
| 856 | 4 | 0 |
_uhttps://www.rics.org/Global/BSJ%20BCJ%20July%20August%202016.pdf _zView the article free of charge at www.rics.org... |
| 856 | 4 | 0 |
_uhttps://www.rics.org/Global/BSJ%20BCJ%20July%20August%202016.pdf _yAvailable free online via Issuu |
| 942 |
_n0 _2ddc |
||
| 999 |
_c85121 _d85121 |
||